| 000 | 00880nam a2200289 a 4500 | ||
|---|---|---|---|
| 020 | _a0021441103 (Gr. K) | ||
| 020 | _a0021441200 (Gr. 1) | ||
| 020 | _a0021441308 (Gr. 2) | ||
| 020 | _a0021441405 (Gr. 3) | ||
| 020 | _a0021441502 (Gr. 4) | ||
| 020 | _a220144160X (Gr. 5) | ||
| 020 | _a0021441707 (Gr. 6) | ||
| 040 | _cGZE | ||
| 082 | _a917 COL 1990 A113 Or. | ||
| 245 | 0 | 4 | _aThe World around us / |
| 250 | _aTeacher's annotated ed | ||
| 260 |
_aNew York : _bMacmillan Pub. Co. ; _aLondon : _bCollier Macmillan Publishers, _cc1990 |
||
| 300 |
_a7 v. : _bcol. ill., maps ; _c31 cm |
||
| 500 | _aTransparencies in pocket at front of each volume | ||
| 650 | 0 | _aSocial sciences | |
| 650 | 0 | _aSocial sciences | |
| 650 | 4 | _aCurmats | |
| 700 | 1 | 0 | _aBeyer, Barry K., |
| 710 | 2 | 0 | _aMacmillan Publishing Company |
| 710 | 2 | 0 | _aCollier Macmillan Publishers |
| 942 | _cEK | ||
| 999 |
_c16626 _d16626 |
||